| 000 | 00674nam a2200277Ia 4500 | ||
|---|---|---|---|
| 005 | 20260324125920.0 | ||
| 008 | 008 260324s9999 xx 000 0 eng d | ||
| 020 | _a9780203932681 | ||
| 037 | _aEBOOK | ||
| 040 | _aCRL | ||
| 040 | _beng | ||
| 040 | _cCRL | ||
| 041 | _2eng | ||
| 041 | _aeng | ||
| 084 | _qCRL | ||
| 100 |
_aS. Kenneth Thurman; Catherine A. Fiorello _91179818 |
||
| 245 | 0 | _aApplied Cognitive Research in K-3 Classrooms | |
| 260 | _bTaylor and Francis | ||
| 260 | _c2008 | ||
| 365 | _a | ||
| 365 | _b280 | ||
| 856 | _uhttp://www.taylorfrancis.com/books/9780203932681 | ||
| 942 | _cEBOOK | ||
| 999 |
_c1775483 _d1775483 |
||